<?xml version="1.0" encoding="UTF-8"?>
<record
    xmlns:xsi="http://www.w3.org/2001/XMLSchema-instance"
    xsi:schemaLocation="http://www.loc.gov/MARC21/slim http://www.loc.gov/standards/marcxml/schema/MARC21slim.xsd"
    xmlns="http://www.loc.gov/MARC21/slim">

  <leader>00729nam a22001937a 4500</leader>
  <controlfield tag="005">20251006162703.0</controlfield>
  <datafield tag="010" ind1=" " ind2=" ">
    <subfield code="a">ENG-146955</subfield>
  </datafield>
  <datafield tag="020" ind1=" " ind2=" ">
    <subfield code="c">1599.00</subfield>
    <subfield code="a">9789357315487</subfield>
  </datafield>
  <datafield tag="035" ind1=" " ind2=" ">
    <subfield code="a">EN-130487</subfield>
  </datafield>
  <datafield tag="037" ind1=" " ind2=" ">
    <subfield code="b">DBAD</subfield>
  </datafield>
  <datafield tag="082" ind1=" " ind2=" ">
    <subfield code="a">332.632</subfield>
    <subfield code="2">1</subfield>
  </datafield>
  <datafield tag="100" ind1=" " ind2=" ">
    <subfield code="a">Rustomjee, Adil </subfield>
    <subfield code="9">85384</subfield>
  </datafield>
  <datafield tag="245" ind1=" " ind2=" ">
    <subfield code="a">Running behind Lakshmi: </subfield>
    <subfield code="b">The Search for Wealth in India&#x2019;s Stock Market/</subfield>
    <subfield code="c">Adil Rustomjee</subfield>
  </datafield>
  <datafield tag="250" ind1=" " ind2=" ">
    <subfield code="a">1</subfield>
  </datafield>
  <datafield tag="260" ind1=" " ind2=" ">
    <subfield code="a">Gurugram</subfield>
    <subfield code="b">Hachette Book Publishing India Pvt.Ltd</subfield>
    <subfield code="c">2025</subfield>
  </datafield>
  <datafield tag="270" ind1=" " ind2=" ">
    <subfield code="b">Gurugram</subfield>
    <subfield code="a">Hachette Book Publishing India Pvt.Ltd 4th&amp;5th Floors, Corporate Centre Plot No.94, Sector44, Gurugram India</subfield>
    <subfield code="e">122003</subfield>
    <subfield code="m">www.hachetteindia.com</subfield>
  </datafield>
  <datafield tag="300" ind1=" " ind2=" ">
    <subfield code="a">xiii, 862p.</subfield>
    <subfield code="c">24cm (pb)</subfield>
  </datafield>
  <datafield tag="942" ind1=" " ind2=" ">
    <subfield code="2">ddc</subfield>
    <subfield code="c">EN</subfield>
    <subfield code="h">332.632</subfield>
    <subfield code="m">RUS</subfield>
    <subfield code="e">1</subfield>
  </datafield>
  <datafield tag="999" ind1=" " ind2=" ">
    <subfield code="c">213579</subfield>
    <subfield code="d">213579</subfield>
  </datafield>
  <datafield tag="952" ind1=" " ind2=" ">
    <subfield code="0">0</subfield>
    <subfield code="1">0</subfield>
    <subfield code="4">0</subfield>
    <subfield code="7">1</subfield>
    <subfield code="8">REF</subfield>
    <subfield code="a">L</subfield>
    <subfield code="b">L</subfield>
    <subfield code="d">2025-10-06</subfield>
    <subfield code="e">Delivery of Books Act Division</subfield>
    <subfield code="g">1599.00</subfield>
    <subfield code="l">0</subfield>
    <subfield code="o">332.632 RUS</subfield>
    <subfield code="p">EN-130487</subfield>
    <subfield code="r">2025-10-06 00:00:00</subfield>
    <subfield code="t">1</subfield>
    <subfield code="v">1599.00</subfield>
    <subfield code="w">2025-10-06</subfield>
    <subfield code="y">EN</subfield>
  </datafield>
</record>
